• 首页
  • 本馆介绍
  • 公告通知
  • 最新文献
  • 馆藏检索
  • 电子资源
  • 读者导购
  • 参考咨询
  • 我的图书馆
  • 登录
  • 详细信息显示
  • 放入我的书架
  • 预约/预借图书
  • 作者相关作品
  • 分类相关作品
  • 丛书相关作品
  • 出版社相关作品

书目信息

  • 表格格式
  • 工作单格式
  • 卡片格式
题名:
怎样防治癌症
    
 
作者: 瞿声恢 译
分册:  
出版信息: 北京   世界知识出版社  [1982]
页数: 187页
开本: 19cm
丛书名:
单 册:
中图分类: R247.3
科图分类:
主题词: 中医学:临床医学
电子资源:
ISBN:
000 00595nam0 2200217 45
001 0182009939
005 20060430094047.00
010    @dCNY0.84
100    @a19950629d1982 em y0chiy0121 ea
101 0  @achi
102    @aCN@b110000
105    @ay z 000yy
200 10 @a怎样防治癌症@Azen yang fang zhi ai zheng@f瞿声恢译@Fqu sheng hui yi
210    @a北京@c世界知识出版社@d[1982]
215    @a187页@c图@d19cm
606 0  @a中医学:临床医学
690    @aR247.3@v4
701  0 @a瞿声恢@Aqu sheng hui@4译
801  2 @aCN@bNLC@c20060430
801  0 @aCN@b上海图书馆@c20040520
905    @dR247.3@e8
    
    怎样防治癌症/瞿声恢译.-北京:世界知识出版社,[1982]
    187页:图;19cm
    
    
    ISBN :CNY0.84
    
●
相关链接 在E读中查询图书 在五车中查询图书 在当当中查询图书 在豆瓣中查询图书


正题名:怎样防治癌症     索取号:R247.3/8         预约/预借

序号 登录号 条形码 馆藏地/架位号 状态 备注
1 0073704   202328061   密集书库/ [索取号:R247.3/8] 在馆    
2 0073705   000711037   密集书库/ [索取号:R247.3/8] 在馆    
3 0073706   000711046   第二样本阅览室/ [索取号:R247.3/8] 在馆    
唐山师范学院图书馆 欢迎您!
大连网信软件有限公司© 版权所有